Effect of plant density on growth and yield of mungbean at royal university of agriculture, ឥទ្ធិពលនៃដង់ស៊ីតេដំណាំលើការលូតលាស់ និងទិន្នផលសណ្ដែកបាយនៅសាកលវិទ្យាល័យភូមិន្ទកសិកម្ម (Record no. 7792)

000 -LEADER
fixed length control field 00706nam a22001457a 4500
003 - CONTROL NUMBER IDENTIFIER
control field OSt
005 - DATE AND TIME OF LATEST TRANSACTION
control field 20160324100517.0
008 - FIXED-LENGTH DATA ELEMENTS--GENERAL INFORMATION
fixed length control field 160324b xxu||||| |||| 00| 0 eng d
040 ## - CATALOGING SOURCE
Transcribing agency RUA
082 ## - DEWEY DECIMAL CLASSIFICATION NUMBER
Classification number AGR SRE 2010 B472 Or.1
100 ## - MAIN ENTRY--PERSONAL NAME
9 (RLIN) 8180
Personal name SRENG LEANGCHENG; ស្រេង លាងឆេង
245 ## - TITLE STATEMENT
Title Effect of plant density on growth and yield of mungbean at royal university of agriculture, ឥទ្ធិពលនៃដង់ស៊ីតេដំណាំលើការលូតលាស់ និងទិន្នផលសណ្ដែកបាយនៅសាកលវិទ្យាល័យភូមិន្ទកសិកម្ម
300 ## - PHYSICAL DESCRIPTION
Extent xviii,39p.
Other physical details ill.
Dimensions 29cm.
942 ## - ADDED ENTRY ELEMENTS (KOHA)
Source of classification or shelving scheme
Koha item type AGR
Holdings
Price effective from Date last seen Permanent Location Not for loan Date acquired Source of classification or shelving scheme Koha item type Lost status Withdrawn status Date last checked out Total Checkouts Shelving location Damaged status Barcode Current Location Full call number
2016-03-242023-12-26Library Block B 2016-03-24 AGR  2023-12-132B472 RUA058262Library Block BAGR SRE 2010 B472 Or.1
មជ្ឈមណ្ឌលឯការនៃសាកលវិទ្យាល័យភូមិន្ទកសិកម្មចំការដូង

Powered by Koha